| 000 | 00549nmm a2200157Ia 4500 | ||
|---|---|---|---|
| 008 | 251105s9999||||xx |||||||||||||||||und|| | ||
| 020 | _a9789561414587 | ||
| 041 | _aspa | ||
| 100 | _aPucheu, Juan Andrés | ||
| 245 | 0 |
_aDesarrollo y eficacia organizacional : _b Cómo apoyar la creación de capacidades en individuos, grupos y organizaciones |
|
| 264 |
_a[Santiago de Chile, Chile] : _bEdiciones UC, _c2014 |
||
| 300 | _a474 páginas | ||
| 650 | _aEconomics and Business | ||
| 856 | _uhttps://public.digitaliapublishing.com/a/38233 | ||
| 942 | _cCF | ||
| 999 |
_c94173 _d94173 |
||